Normal view
MARC view
- Dr. Muhammad Abdul Hayi Hayi, Dr. Muhammad Abdul
Entry Personal Name
001 - CONTROL NUMBER
- control field: 76986
003 - CONTROL NUMBER IDENTIFIER
- control field: NUST
005 - DATE AND TIME OF LATEST TRANSACTION
- control field: 20210628205755.0
008 - FIXED-LENGTH DATA ELEMENTS
- fixed length control field: 210628|| aca||aabn | a|a d
040 ## - CATALOGING SOURCE
- Original cataloging agency: NUST
- Transcribing agency: NUST
100 ## - HEADING--PERSONAL NAME
- Personal name: Dr. Muhammad Abdul Hayi Hayi, Dr. Muhammad Abdul
670 ## - SOURCE DATA FOUND
- Source citation: Work cat.: (NUST): Dr. Muhammad Abdul Hayi Hayi, Dr. Muhammad Abdul, Usway-e-rasool akram peace be upon him, 1997
